000
00272 a2200121 4500
001
146537
040
_c
Escola São Tomás de Aquino
100
_a
ROSA, João Guimarães
240
1
0
_a
Sagarana
_l
por
245
1
0
_a
Sagarana
697
_a
LITERATURA BRASILEIRA
942
_c
BK
999
_c
146537
_d
146537